000 00507 a2200169 4500
020 _a8185274835
024 _a9788185274836
082 _a658
090 _c5157
_d5157
100 _aheneman, Schwab, Fossum, Dyer
245 _aPersonnel/Human Resource Management
_cHerbert G. Heneman, Donald P. Schwab, John A. Fossum, Lee D. Dyer
250 _a4th Ed.
260 _aNew Delhi, India
_bUniversal Book Stall Publishers Ltd.
_c1998
300 _a739
500 _apapercover
942 _aNBS
_cBK
_k658 HEN
999 _c347577
_d347577